000 00720nam a2200289Ia 4500
005 20260324121346.0
008 008 260324s9999 xx 000 0 eng d
020 _a9781003555988
037 _aEBOOK
040 _aCRL
040 _beng
040 _cCRL
041 _2eng
041 _aeng
084 _qCRL
100 _aGeorge Bryan Souza
_91162206
245 0 _aPortuguese, Dutch and Chinese in Maritime Asia, c.1585 - 1800
245 0 _bMerchants, Commodities and Commerce
260 _bTaylor and Francis
260 _c2014
365 _a
365 _b230
856 _uhttp://www.taylorfrancis.com/books/9781003555988
942 _cEBOOK
999 _c1754254
_d1754254